000 01988cam a22002415a 4500
001 L156292
005 20260422161546.0
008 120510s1680 xxk f 000 0 eng d
035 _a(Sirsi) u156292
041 0 _aeng
245 0 4 _aThe English atlas. ... Containing a description of the places next the North-Pole
_bas also of Muscovy, Poland, Sweeden, Denmark, and their several dependances. With a general introduction to geography, and a large index, containing the longitudes and latitudes of all the particular places, thereby directing the reader to find them readily in the several maps
260 _aOxford [Oxfordshire]
_bprinted at the Theater, for Moses Pitt at the Angel in St. Pauls-Church-Yard, London
_cMDCLXXX. [1680]
300 _a4 v.
_bports., maps
_c2o
505 2 _av.1. Description of the places next the North Pole, as also of Muscovy, Poland, Sweden, Denmark, and their several dependencies -- v.2. Description of part of the empire of Germany, viz. the upper and lower Saxony, .. Mecklenburg, Bremen, Magdeburg, &c., .. Brandenburg and Misnia .. the Palatinate of the Rhine, and the kingdom of Bohemia / by William Nicolson --v.3. Description of the remaining part of the empire of Germany, viz. Schwaben, the palatinate of Bavaria, Arch-Dukedom of Austria, Kingdom of Hungary, Principality of Transylvania, the Circle of Westphalia, with the neighboring provinces / by William Nicolson -- v.4. The description of the seventeen provinces of the Low-Countries, or Netherlands / by Richard Peers.
520 _aOriginally offered to subscribers as prospective work in 11 volumes of which only four were published in 1680 with 145 maps, and the text of a fifth volume in 1682.
583 _aCondition reviewed
_c20120620
_lcondition level 2, 2, 4 and 4
651 4 _aInternational
690 _aGeomatics
_96242
700 1 _aPitt, Moses
_dfl. 1654-1696
700 1 _aNicolson, William
_d1655-1727
700 1 _aPeers, Richard
_d1645-1690
942 _n0
_2ddc
999 _c114159
_d114159